000 00755nam a2200205Ia 4500
001 15517
003 GE_BSU
008 181216s||||||||xx |||||||||||||| ||und||
040 _cGE_BSU
080 _a821.353.1-1+821.353.1-11
100 _aჩახავა,ჯემალ
245 _aმიწავ ნამიანო...ლექსები,პოემები
245 _cრედ.ნ.აბესაძე.მხატვ.დ.დუნდუა
260 _aთბილისი
260 _bსაბჭოთა საქართველო
260 _c1985
300 _a288გვ.1ფ.პორტრ.17სმ.
653 _aმიწავ ნამიანო...ლექსები,პოემები
942 _cBK
999 _c48617
_d48617